Jerarquía constitucional de los tratados internacionales (Record no. 133759)

MARC details
000 -LEADER
fixed length control field 01222cam a2200277 4500
005 - DATE AND TIME OF LATEST TRANSACTION
control field 20250905121920.0
008 - FIXED-LENGTH DATA ELEMENTS--GENERAL INFORMATION
fixed length control field 031007s1996 ag 000 0 spa u
020 ## - INTERNATIONAL STANDARD BOOK NUMBER
International Standard Book Number 9505084641
050 04 - LIBRARY OF CONGRESS CALL NUMBER
Classification number KHA2938
Item number J47 1996
245 00 - TITLE STATEMENT
Title Jerarquía constitucional de los tratados internacionales
Remainder of title : Fundamentos, Tratados de derechos humanos, Operatividad, Tratados de integración, Acciones positivas, Derecho a la vida, Derecho de réplica
Statement of responsibility, etc / autores Juan Pablo Cafiero,...[et al] ; directores Juan Carlos Vega, Marisa Adriana Graham.
250 ## - EDITION STATEMENT
Edition statement 1a ed.
260 ## - PUBLICATION, DISTRIBUTION, ETC. (IMPRINT)
Place of publication, distribution, etc Buenos Aires :
Name of publisher, distributor, etc Astrea de Alfredo y Ricardo Depalma,
Date of publication, distribution, etc 1996
300 ## - PHYSICAL DESCRIPTION
Extent xxiii, 329 p. ;
Dimensions 20 cm.
504 ## - BIBLIOGRAPHY, ETC. NOTE
Bibliography, etc Incluye apéndice, bibliografía : p. 327-329
506 ## - RESTRICTIONS ON ACCESS NOTE
Terms governing access Recurso D. G. B.
651 #7 - SUBJECT ADDED ENTRY--GEOGRAPHIC NAME
Source of heading or term lemb
Geographic name Argentina
General subdivision Relaciones internacionales
-- Tratados
700 1# - ADDED ENTRY--PERSONAL NAME
Personal name Cafiero, Juan Pablo,
Relator term autor
700 1# - ADDED ENTRY--PERSONAL NAME
Personal name Faur, Marta Ruth,
Relator term autor
700 1# - ADDED ENTRY--PERSONAL NAME
Personal name Llamosas, Esteban Miguel,
Relator term autor
700 1# - ADDED ENTRY--PERSONAL NAME
Personal name Méndez, Juan,
Relator term autor
700 1# - ADDED ENTRY--PERSONAL NAME
Personal name Ponce de León, Rodolfo,
Relator term autor
700 1# - ADDED ENTRY--PERSONAL NAME
Personal name Vallejos, Cristina María,
Relator term autor
700 1# - ADDED ENTRY--PERSONAL NAME
Personal name Vega, Juan Carlos,
Relator term director
700 1# - ADDED ENTRY--PERSONAL NAME
Personal name Graham, Marisa Adriana,
Relator term directora
942 ## - ADDED ENTRY ELEMENTS (KOHA)
Source of classification or shelving scheme Biblioteca del Cogreso de los Estados Unidos
Koha item type Libro
Holdings
Estado de pérdida Fuente de clasificación Estado del daño No para préstamo Ubicación permanente Ubicación actual Apartado o colección Fecha de adquisición Edición Área del conocimiento Clasificación Código de Barras Date last seen Número de copia Costo por reposición Tipo de recurso
  Biblioteca del Cogreso de los Estados Unidos     Biblioteca de la Facultad de Derecho y Ciencias Sociales "Felipe J. Tena" Biblioteca de la Facultad de Derecho y Ciencias Sociales "Felipe J. Tena" General 26/11/2019 1a ed. Ciencias Sociales y Administrativas KHA2938 J47 1996 BFD000011875 26/11/2019 1 1.00 Libro